Las crisis de la deuda y del desarrollo en América Latina: el fin de una ilusión

Bewaard in:
Bibliografische gegevens
Hoofdauteurs: Griffith-Jones, Stephany (Auteur), Sunkel, Osvaldo (Auteur)
Formaat: Boek
Taal:Spaans
Gepubliceerd in: Buenos Aires GEL 1987
Reeks:Colección Estudios Internacionales
Onderwerpen:
Tags: Voeg label toe
Geen labels, Wees de eerste die dit record labelt!

MARC

LEADER 00000nam a2200000 a 4500
001 UCX0331
003 CL-VaPUC
008 890927e19870000AG |||||||||||||||||spa|d
082 0 4 |a 336.3  |b GRI  |2 21 
100 |a Griffith-Jones, Stephany  |e author  |9 345099 
700 0 |a Sunkel, Osvaldo  |e author  |9 315719 
245 1 4 |a Las crisis de la deuda y del desarrollo en América Latina: el fin de una ilusión 
300 |a 267 p 
942 |c BK 
945 |d 19890927 00:00:00 
260 |a Buenos Aires  |b GEL  |c 1987 
650 7 |a DEUDA EXTERNA  |2 CL-VaPUC  |9 314619 
650 7 |a CRISIS ECONOMICA  |2 CL-VaPUC  |9 315720 
650 0 |a Condiciones económicas  |9 258255 
651 0 |a América Latina   |9 255027 
583 |a last modification  |c 19890927 00:00:00  |k Rodrigo Vera 
490 0 |a Colección Estudios Internacionales 
999 |c 221964  |d 221962 
952 |0 0  |1 0  |4 0  |6 336_300000000000000_GRI_1987  |7 0  |8 A  |9 216079  |a BIBGIM  |b BIBGIM  |d 2019-11-15  |i 2846470  |o 336.3 GRI 1987  |p 2846470  |r 2025-01-15  |w 2019-11-15  |y BK  |k SSL 
952 |0 0  |1 0  |4 0  |6 336_300000000000000_GRI_1987  |7 0  |8 A  |9 216080  |a BIBHIS  |b BIBHIS  |d 2019-11-15  |i 1209108  |o 336.3 GRI 1987  |p 1209108  |r 2025-01-20  |w 2019-11-15  |y BK  |k HIS